[Event "Recife PE23 Gr B"]
[Site "Recife"]
[Date "2023.04.07"]
[Round "2"]
[White "De Santana, Jose Ricardo Gonca"]
[Black "Ferreira, Rafael Emiliano"]
[Result "1-0"]
[WhiteElo "2042"]
[BlackElo "1847"]
[PlyCount "75"]
[EventDate "2023.04.06"]
[EventType "tourn"]
[EventRounds "7"]
[EventCountry "BRA"]
[SourceTitle "EXT 2024"]
[Source "ChessBase"]
[SourceDate "2023.10.10"]
[SourceVersion "1"]
[SourceVersionDate "2023.10.10"]
[SourceQuality "1"]

1. e4 c5 2. Nf3 d6 3. d4 cxd4 4. Nxd4 Nf6 5. Nc3 a6 6. Be3 Ng4 7. Bg5 h6 8. Bh4 g5 9. Bg3 e5 10. Nb3 Be6 11. h3 Nf6 12. Qd2 Be7 13. Be2 Nc6 14. 0-0-0 Rc8 15. Kb1 b5 16. f3 b4 17. Nd5 a5 18. Nxf6+ Bxf6 19. Qxd6 Qxd6 20. Rxd6 Ke7 21. Rd2 Nd4 22. Nxd4 exd4 23. e5 Bg7 24. Rxd4 Rc5 25. f4 gxf4 26. Bh4+ f6 27. exf6+ Bxf6 28. Bxf6+ Kxf6 29. Rxf4+ Kg5 30. Rhf1 Re5 31. Bd3 Re8 32. b3 Bd7 33. Kb2 Re1 34. R1f3 Rg1 35. h4+ Kh5 36. Rg3 Re6 37. Bc4 Re7 38. Bd5 1-0

[Event "Recife Arraes Memorial 11th"]
[Site "Recife"]
[Date "2018.07.29"]
[Round "6"]
[White "Zallio, Luciano de Souza"]
[Black "De Santana, Jose Ricardo Gonca"]
[Result "0-1"]
[WhiteElo "2238"]
[BlackElo "1998"]
[PlyCount "81"]
[EventDate "2018.07.27"]
[EventType "swiss"]
[EventRounds "6"]
[EventCountry "BRA"]
[SourceTitle "CBM 186 Extra"]
[Source "ChessBase"]
[SourceDate "2018.08.24"]
[SourceVersion "1"]
[SourceVersionDate "2018.08.24"]
[SourceQuality "1"]

1. d4 Nf6 2. Nf3 e6 3. e3 b6 4. Be2 c5 5. 0-0 d5 6. b3 Nbd7 7. Bb2 Be7 8. Nbd2 0-0 9. c4 Bb7 10. Rc1 Re8 11. Qc2 Rc8 12. Rfd1 Bf8 13. Bd3 g6 14. Qb1 Bg7 15. cxd5 Nxd5 16. Ne4 Qe7 17. Ba3 Nb4 18. Bb5 Bxe4 19. Qxe4 Nxa2 20. Rc2 Nb4 21. Bxb4 Nf6 22. Qd3 cxb4 23. Bxe8 Rxe8 24. Ne5 Nd5 25. Nc4 Rd8 26. g3 Qb7 27. Qe4 Qa6 28. Kg2 Nc3 29. Qf3 Nxd1 30. Qxd1 Qb7+ 31. Kg1 e5 32. Rd2 exd4 33. exd4 Qe4 34. d5 h5 35. h4 b5 36. Na5 Qf5 37. Nb7 Rd7 38. Nc5 Rd6 39. Kg2 Bf6 40. f3 Bd8 41. Ne4 0-1

[Event "Recife Arraes Memorial 11th"]
[Site "Recife"]
[Date "2018.07.27"]
[Round "2"]
[White "De Santana, Jose Ricardo Gonca"]
[Black "Guimaraes, Diogo Duarte"]
[Result "1-0"]
[WhiteElo "1998"]
[BlackElo "2272"]
[PlyCount "56"]
[EventDate "2018.07.27"]
[EventType "swiss"]
[EventRounds "6"]
[EventCountry "BRA"]
[SourceTitle "CBM 186 Extra"]
[Source "ChessBase"]
[SourceDate "2018.08.24"]
[SourceVersion "1"]
[SourceVersionDate "2018.08.24"]
[SourceQuality "1"]

1. e4 e5 2. Nf3 Nc6 3. Bb5 a6 4. Ba4 Nf6 5. 0-0 b5 6. Bb3 Bc5 7. d3 0-0 8. c3 d6 9. Bg5 h6 10. Bh4 g5 11. Bg3 Bg4 12. h3 Bh5 13. Nbd2 Bg6 14. Re1 Qd7 15. Nf1 Nh5 16. N3h2 Kg7 17. Bd5 Rae8 18. Qg4 f5 19. exf5 Rxf5 20. Be4 Nxg3 21. Nxg3 Bxf2+ 22. Kh1 Ne7 23. Nxf5+ Bxf5 24. Qh5 d5 25. Rf1 dxe4 26. Rxf2 exd3 27. Ng4 Be4 28. Qf7+ Kh8 1-0

[Event "BRA-ch U26"]
[Site "Cuiaba"]
[Date "2016.11.06"]
[Round "6"]
[White "De Santana, Jose Ricardo Gonca"]
[Black "Dallagrave, Tainan Marcel"]
[Result "1/2-1/2"]
[WhiteElo "1841"]
[BlackElo "1790"]
[PlyCount "61"]
[EventDate "2016.11.03"]
[EventType "swiss"]
[EventRounds "7"]
[EventCountry "BRA"]
[SourceTitle "CBM 175 Extra"]
[Source "ChessBase"]
[SourceDate "2016.12.12"]
[SourceVersion "1"]
[SourceVersionDate "2016.12.12"]
[SourceQuality "1"]

1. c4 Nf6 2. Nf3 e6 3. g3 d5 4. cxd5 exd5 5. Bg2 Be7 6. 0-0 Nc6 7. d4 0-0 8. Nc3 Bf5 9. Bg5 h6 10. Bxf6 Bxf6 11. e3 Re8 12. Qb3 Bd3 13. Rfd1 Bc4 14. Qxb7 Qd7 15. Ne5 Bxe5 16. dxe5 Rab8 17. Nxd5 Bxd5 18. Qa6 Nb4 19. Qxa7 Qe6 20. e4 Bxa2 21. Qxc7 Qxe5 22. Qc3 Qe6 23. Rd4 Rec8 24. Qd2 Nc2 25. Rd6 Qb3 26. Rc1 Qxb2 27. Bh3 Rc5 28. Bf5 Rf8 29. e5 Qxe5 30. Bxc2 Bd5 31. Bh7+ 1/2-1/2

[Event "BRA-ch U26"]
[Site "Cuiaba"]
[Date "2016.11.05"]
[Round "5"]
[White "Rocha, Vitor Firmo de Souz"]
[Black "De Santana, Jose Ricardo Gonca"]
[Result "1-0"]
[WhiteElo "2134"]
[BlackElo "1841"]
[PlyCount "74"]
[EventDate "2016.11.03"]
[EventType "swiss"]
[EventRounds "7"]
[EventCountry "BRA"]
[SourceTitle "CBM 175 Extra"]
[Source "ChessBase"]
[SourceDate "2016.12.12"]
[SourceVersion "1"]
[SourceVersionDate "2016.12.12"]
[SourceQuality "1"]

1. e4 c5 2. Nf3 d6 3. d4 cxd4 4. Nxd4 Nf6 5. Nc3 a6 6. Bg5 Nbd7 7. Qe2 Qc7 8. 0-0-0 b5 9. f4 Bb7 10. a3 e6 11. g3 Be7 12. Bg2 Rc8 13. Bxf6 gxf6 14. g4 e5 15. Nb3 Nb6 16. Rd3 Na4 17. Nxa4 bxa4 18. Rc3 Qb6 19. Rxc8+ Bxc8 20. Nd2 Bd7 21. Rd1 Bb5 22. Qf3 0-0 23. Bf1 Rb8 24. Bxb5 Qxb5 25. Qc3 Bd8 26. Qb4 Qxb4 27. axb4 Rxb4 28. c3 Rb6 29. Kc2 Rc6 30. Ra1 Kf8 31. Rxa4 Ke7 32. Nf1 Kd7 33. Ne3 a5 34. Nd5 Rc5 35. Ra1 Rb5 36. b3 Rb8 37. Kb2 Kc6 1-0

[Event "Recife Asfora Memorial"]
[Site "Recife"]
[Date "2016.08.06"]
[Round "3"]
[White "De Santana, Jose Ricardo Gonca"]
[Black "Born, Ary"]
[Result "1-0"]
[WhiteElo "1813"]
[BlackElo "1449"]
[PlyCount "64"]
[EventDate "2016.08.05"]
[EventType "swiss"]
[EventRounds "6"]
[EventCountry "BRA"]
[SourceTitle "EXT 2022"]
[Source "ChessBase"]
[SourceDate "2021.10.06"]
[SourceVersion "1"]
[SourceVersionDate "2021.10.06"]
[SourceQuality "1"]

1. c4 g5 2. d4 g4 3. e4 d6 4. Be2 h5 5. Nc3 Bg7 6. Be3 c6 7. Qd2 Qa5 8. 0-0-0 Bh6 9. h3 Bg7 10. hxg4 hxg4 11. Rxh8 Bxh8 12. f4 f5 13. e5 d5 14. cxd5 cxd5 15. Bb5+ Kf8 16. Nge2 a6 17. Ba4 e6 18. Rh1 Kg7 19. Kb1 Nc6 20. Nc1 b5 21. Bb3 Nge7 22. g3 Bd7 23. Qh2 Kf7 24. Qh5+ Ng6 25. Nxd5 Bg7 26. Nc3 Rh8 27. Qxf5+ Ke7 28. Qg5+ Kf8 29. Rxh8+ Nxh8 30. d5 Qd8 31. dxc6 Qxg5 32. fxg5 Bxc6 1-0

[Event "Natal Potiguar op 11th"]
[Site "Natal"]
[Date "2015.08.09"]
[Round "4"]
[White "De Santana, Jose Ricardo Gonca"]
[Black "Gomes, Jose Murilo"]
[Result "0-1"]
[WhiteElo "1857"]
[BlackElo "1885"]
[PlyCount "68"]
[EventDate "2015.08.07"]
[EventType "swiss"]
[EventRounds "5"]
[EventCountry "BRA"]
[SourceTitle "EXT 2016"]
[Source "ChessBase"]
[SourceDate "2015.10.08"]
[SourceVersion "1"]
[SourceVersionDate "2015.10.08"]
[SourceQuality "1"]

1. c4 c5 2. Nf3 Nf6 3. Nc3 Nc6 4. g3 g6 5. Bg2 Bg7 6. d3 0-0 7. 0-0 d6 8. Bg5 h6 9. Bxf6 Bxf6 10. Rb1 e6 11. a3 Bd7 12. Ne4 Be7 13. Qd2 Kh7 14. h4 f5 15. Nc3 f4 16. d4 fxg3 17. fxg3 cxd4 18. Nxd4 Qb6 19. e3 Ne5 20. Rxf8 Rxf8 21. Rf1 Nxc4 22. Qe2 Rxf1+ 23. Qxf1 Ne5 24. Qf2 Kg7 25. Bh3 d5 26. b4 Bf6 27. Qc2 Nf3+ 28. Nxf3 Qxe3+ 29. Kg2 Qxc3 30. Qxc3 Bxc3 31. Kf2 Kf6 32. Ne1 Bb2 33. Nc2 Ba4 34. Ne3 h5 0-1